Normal view
MARC view
- WOOD, V. N
Entry Personal Name
001 - CONTROL NUMBER
- control field: 76778
003 - CONTROL NUMBER IDENTIFIER
- control field: NUST
005 - DATE AND TIME OF LATEST TRANSACTION
- control field: 20210628205718.0
008 - FIXED-LENGTH DATA ELEMENTS
- fixed length control field: 210628|| aca||aabn | a|a d
040 ## - CATALOGING SOURCE
- Original cataloging agency: NUST
- Transcribing agency: NUST
100 ## - HEADING--PERSONAL NAME
- Personal name: WOOD, V. N
670 ## - SOURCE DATA FOUND
- Source citation: Work cat.: (NUST): WOOD, V. N, METLLLURGICAL MATERIALS ALLOYS AND MANUFACTURING PROCESSES, 1946
